000 00575nam a2200193Ia 4500
005 20250508163321.0
008 008 250505s9999 xx 000 0 eng d
037 _aTheses
040 _aFEDL
_beng
_cFEDL
041 _aeng
_2eng
084 _a363.7, ABU/TH
_qFEDL
100 _aAbul Ehsan
_9775018
245 0 _aEvaluative study of the environmental education programmes in the primary schools of Bangladesh
260 _c1985
300 _a383p.
546 _aPh.D Thesis (Delhi University)
942 _cTH
_h363.7, ABU/TH
999 _c1382282
_d1382282